000 01284cad a22002295a 4500
001 L143469
008 080514s2008 xxk f 000 0 eng d
035 _a(Sirsi) u143469
041 0 _aeng
050 0 4 _a338.4569 $2 18
110 2 _aChartered Institute of Building
_92134
245 0 0 _aSkills shortages in the UK construction industry
_b2008
_h[electronic resource]
260 _aAscot
_bCIOB $2 008
520 _aReveals a continuing skills shortage in the UK construction industry, which is likely to become more pronounced as the demand for construction increases. The London Olympics, high housing targets and the Building Schools for the Future programme are expected to boost construction output to around 11% by 2011. The survey shows that workers with crafts/trades and senior/middle management skills are in high demand. Whilst migrant workers continue to fill labouring positions, they are often overlooked for management roles due to poor English language.
521 2 _aAdvanced
590 _aKA NTK
650 2 4 _aCIOB ANNUAL SKILLS SHORTAGE SURVEY
651 4 _aUnited Kingdom
_y
690 _aBUILT ENVIRONMENT-CONSTRUCTION MARKET
856 4 0 _uhttps://www.ciob.org.uk/resources/research
_zView the survey free of charge at www.ciob.org.uk...
942 _n0
999 _c108164
_d108164